000 00603nam a2200181 i 4500
001 26735
003 ES-MaACL
005 20251204145207.0
007 t|
008 201022s1871 sp ||||1| spa d
100 1 _aÁlvarez Osorio, Cayetano,
_dm. 1892
_9170536
245 1 4 _aManual de disecciones para el uso de los alumnos en los anfiteatros anatómicos /
_credactado por el Dr. D. Cayetano Álvarez-Ossorio.
260 _aSevilla :
_bRafael Baldaraque,
_c1871.
300 _a234 p. ;
_c21 cm.
650 4 _aDisección.
_9147649
852 _aES-MaACL
_jT-681-F-6
999 _c26735
_d26735